000 00258nam a2200097Ia 4500
001 789409
005 20250826170418.0
008 250824s9999 xx 000 0 und d
245 0 _aKAHRAMANLAR ÇANAKKALEDE
_cAHMET HALDUN TERZİOĞLU
260 _bPANAMA YAYINLARI
999 _c789409
_d789409